| 000 | 00434nam a2200097Ia 4500 | ||
|---|---|---|---|
| 008 | 180130s9999 xx 000 0 und d | ||
| 245 |
_cShen, Tsu-Wang (David); Tompkins, Willis J.; Hu, Yu Hen _aImplementation of a one-lead ECG human identification system on a normal population |
||
| 260 | _c2016 | ||
| 300 | _aBook title: Innovations in computer science and engineering--Acession number C20551; pages 26-35 | ||
| 650 | _aCOMPUTER SCIENCE | ||
| 999 |
_c353739 _d353739 |
||